Montalbano - romanzi - Statistics

Statistiche generali
  • Questo quiz è stato fatto 39 volte
  • Il punteggio medio è 23 su 54
Statistiche sulle risposte
% Corretto
1994 dell'{acqua}
73%
1994 La {forma}
73%
2006 d'{agosto}
63%
2000 a {Tindari}
60%
2001 della {notte}
60%
1996 di {merendine}
60%
2012 di {notte}
60%
1996 di {terracotta}
60%
1996 Il {cane}
60%
1996 Il {ladro}
60%
2000 La {gita}
60%
2006 La {vampa}
60%
2016 del {filo}
53%
1997 del {violino}
53%
2011 Il {gioco}
53%
2016 L'altro {capo}
53%
2006 Le {ali}
53%
2011 degli {specchi}
50%
2006 della {Sfinge}
47%
2014 di {fango}
47%
2005 La {luna}
47%
1997 La {voce}
47%
2001 L'{odore}
47%
2012 Una {voce}
47%
2009 del {gabbiano}
43%
2005 di {carta}
43%
2009 La {danza}
43%
2014 La {piramide}
43%
2012 Una {lama}
43%
2010 al {tesoro}
37%
2003 di {boa}
37%
2012 di {luce}
37%
2003 Il {giro}
37%
2010 La {caccia}
37%
2015 degli {scambi}
33%
2019 dell'{Alcyon}
33%
2010 di {Angelica}
33%
2007 di {sabbia}
33%
2019 Il {cuoco}
33%
2010 Il {sorriso}
33%
2015 La {giostra}
33%
2004 del {ragno}
30%
2008 del {vasaio}
30%
2017 di {protezione}
30%
2013 di {vipere}
30%
2008 Il {campo}
30%
2007 La {pista}
30%
2017 La {rete}
30%
2013 Un {covo}
30%
2008 del {dubbio}
27%
2004 La {pazienza}
27%
2008 L'{età}
27%
2018 {Catalanotti}
23%
2018 Il {metodo}
23%
Nessun quiz corrispondente trovato
Distribuzione punteggi
Percentuale di utenti per punteggio
Percentile per numero di risposta
I tuoi punteggi nel tempo
Non hai fatto questo quiz